Percy Jackson and the Olympians A-Z - Statistics

General Stats
  • This quiz has been taken 49 times
  • The average score is 21 of 26
Answer Stats
# Hint Answer % Correct
C Type of creature that Chiron is Centaur
93%
N Son of Hades and sister of Bianca Nico di Angelo
93%
T Was turned into a pine tree by her father Thalia Grace
93%
Z King of the gods and of Olympus Zeus
93%
D Camp director forced to drink Diet Coke Dionysus / Mr D
91%
K The Titan of Time hell-bent on overthrowing the gods Kronos
91%
G Percy's first and smelly stepfather Gabe Ugliano
89%
M Obscures the mythical world to mortals Mist
89%
S Annabeth's greatest fear Spiders
89%
U Where Tartarus is and where Hades rules over Underworld
89%
W Object Chiron fits his lower body into to appear human Wheelchair
89%
H The crippled god of the forges and of fire Hephaestus
87%
I Make an offering to her to send a message via rainbow Iris
87%
J Grover's excitable and jumpy girlfriend Juniper
80%
R The English translation of Anaklusmos (Percy's sword) Riptide
80%
X Swear on this river to make a solemn oath (last letter is X) Styx
80%
E The son of Nemesis who wears an eye patch Ethan Nakamura
76%
F These three sisters cut a string when someone's about to die Fates
76%
P Loathsome cyclops guarding the Golden Fleece Polyphemus
76%
B The name of Luke's sword Backbiter
67%
A The real name of Mrs Dodds Alecto
63%
Y School Percy and Grover attended in the first book Yancy Academy
61%
Q The name Daedalus used during his stint at Camp Half-Blood Quintus
59%
O The mysterious island that Calypso is bound to Ogygia
57%
V Nemesis is the goddess of revenge, which is also known as...? Vengeance
57%
L Head of the Apollo Cabin killed in the Battle of the Labyrinth Lee Fletcher
52%
No matching quizzes found
Score Distribution
Percent of People with Each Score
Percentile by Number Answered
Your Score History
You have not taken this quiz